000 00418nam a22001457a 4500
999 _c7619
_d7617
005 20210315162937.0
008 210315b ||||| |||| 00| 0 eng d
082 _a346.066
100 _aAIYAR, A.N.
_96466
245 _aEPORTS OF COMPANY CASES INCLUDING CASES OF BANKING AND INSURENCE [VOL-103]
260 _aCHENNAI
_bCOMPANY LAW INSTITUTE OF INDIA
_c2001
300 _a1120,Li,p
650 _aLAW
_95701
942 _cJRL